Interlinear for the Rest of Us (Record no. 4272)
[ view plain ]
| 000 -LEADER | |
|---|---|
| fixed length control field | 00398nam a22001457a 4500 |
| 008 - FIXED-LENGTH DATA ELEMENTS--GENERAL INFORMATION | |
| fixed length control field | 250714b |||||||| |||| 00| 0 eng d |
| 020 ## - INTERNATIONAL STANDARD BOOK NUMBER | |
| ISBN | 9780310513940 |
| 100 ## - MAIN ENTRY--AUTHOR | |
| Author | Mounce William D. |
| 245 ## - TITLE STATEMENT | |
| Title | Interlinear for the Rest of Us |
| 260 ## - PUBLICATION, DISTRIBUTION, ETC. (IMPRINT) | |
| Place of publication | NP |
| Name of publisher | Zondervan |
| Date of publication | 2006 |
| 300 ## - COLLATION | |
| Pagination | xiv,913p |
| 650 ## - TRACINGS | |
| Main Subject | Bible New Testament-Interlinear translations, English |
| 942 ## - ADDED ENTRY ELEMENTS (KOHA) | |
| Item type | Books |
| 050 ## - LIBRARY OF CONGRESS CALL NUMBER | |
| Classification number | BS1965.5 |
| Item number | .M68 |
| Source of classification or shelving scheme | Not for loan | Permanent location | Current location | Date acquired | Accession No. | Full call number | Barcode. | Koha item type |
|---|---|---|---|---|---|---|---|---|
| Library of Congress Classification | Samuel Ogbemudia Main Library, University of Abuja | Samuel Ogbemudia Main Library, University of Abuja | 07/14/2025 | 2025/65090 | BS1965.5.M68 | 2025-3026 | Books |